<?xml version="1.0" encoding="UTF-8"?>
<collection xmlns="http://www.loc.gov/MARC21/slim">
 <record>
  <leader>00619pamaa2200181   4500</leader>
  <controlfield tag="001">0000024566</controlfield>
  <controlfield tag="005">20060511090000.0</controlfield>
  <datafield tag="020" ind1="0" ind2="0">
   <subfield code="a">0889611459 </subfield>
  </datafield>
  <datafield tag="082" ind1=" " ind2=" ">
   <subfield code="a">374.012 HOR</subfield>
  </datafield>
  <datafield tag="090" ind1="0" ind2="0">
   <subfield code="a">LC154.2.N6 </subfield>
   <subfield code="b">HOR 1990</subfield>
  </datafield>
  <datafield tag="100" ind1="1" ind2="0">
   <subfield code="a">HORSMAN </subfield>
  </datafield>
  <datafield tag="245" ind1="1" ind2="0">
   <subfield code="a">Something in my mind besides the everyday : </subfield>
   <subfield code="b">women and literacy  </subfield>
   <subfield code="c">Jennifer Horsman.</subfield>
  </datafield>
  <datafield tag="260" ind1="0" ind2="0">
   <subfield code="a">Toronto: </subfield>
   <subfield code="b">Women's Press, </subfield>
   <subfield code="c">1990.</subfield>
  </datafield>
  <datafield tag="300" ind1=" " ind2=" ">
   <subfield code="a">238p.; </subfield>
   <subfield code="c">22cm.</subfield>
  </datafield>
  <datafield tag="650" ind1="0" ind2="0">
   <subfield code="a">Literacy -- </subfield>
   <subfield code="z">Nova Scotia </subfield>
  </datafield>
  <datafield tag="650" ind1="0" ind2="0">
   <subfield code="a">Rural women -- </subfield>
   <subfield code="x">Education -- </subfield>
   <subfield code="z">Nova Scotia </subfield>
  </datafield>
  <datafield tag="650" ind1="0" ind2="0">
   <subfield code="a">Occupational training for women -- </subfield>
   <subfield code="z">Nova Scotia </subfield>
  </datafield>
  <datafield tag="650" ind1="0" ind2="0">
   <subfield code="a">Rural women -- </subfield>
   <subfield code="x">Social conditions -- </subfield>
   <subfield code="z">Nova Scotia </subfield>
  </datafield>
 </record>
</collection>
